000
00226nam a2200097Ia 4500
008
170619s9999 xx 000 0 und d
100
_a
Pujari- A.K
245
0
_a
Data Mining Techniques
260
_b
UNIVERSITIES PRESS
260
_c
2012
546
_a
ENGLISH
999
_c
21374
_d
21374